<?xml version="1.0" encoding="UTF-8"?>
<record
    xmlns:xsi="http://www.w3.org/2001/XMLSchema-instance"
    xsi:schemaLocation="http://www.loc.gov/MARC21/slim http://www.loc.gov/standards/marcxml/schema/MARC21slim.xsd"
    xmlns="http://www.loc.gov/MARC21/slim">

  <leader>00772nam a22002537a 4500</leader>
  <controlfield tag="005">20170123162346.0</controlfield>
  <datafield tag="010" ind1=" " ind2=" ">
    <subfield code="a">A-338792</subfield>
  </datafield>
  <datafield tag="020" ind1=" " ind2=" ">
    <subfield code="c">21.00</subfield>
  </datafield>
  <datafield tag="035" ind1=" " ind2=" ">
    <subfield code="a">A-338792</subfield>
  </datafield>
  <datafield tag="037" ind1=" " ind2=" ">
    <subfield code="b">Cen Lib/Ret</subfield>
  </datafield>
  <datafield tag="040" ind1=" " ind2=" ">
    <subfield code="a">DPL</subfield>
    <subfield code="b">UR</subfield>
  </datafield>
  <datafield tag="082" ind1=" " ind2=" ">
    <subfield code="a">541</subfield>
    <subfield code="b">&#x645; &#x6C1; &#x62F; </subfield>
  </datafield>
  <datafield tag="100" ind1=" " ind2=" ">
    <subfield code="a">&#x645;&#x6C1;&#x62F;&#x6CC; &#x62C;&#x639;&#x641;&#x631; </subfield>
    <subfield code="9">132952</subfield>
  </datafield>
  <datafield tag="245" ind1=" " ind2=" ">
    <subfield code="a">&#x632;&#x631;&#x631;&#x6D2; &#x6A9;&#x6CC; &#x6A9;&#x6C1;&#x627;&#x646;&#x6CC; /</subfield>
    <subfield code="c">&#x645;&#x6C1;&#x62F;&#x6CC; &#x62C;&#x639;&#x641;&#x631; </subfield>
  </datafield>
  <datafield tag="246" ind1=" " ind2=" ">
    <subfield code="a">Zarre ki kahani /</subfield>
    <subfield code="b">by Mehdi Jafar </subfield>
  </datafield>
  <datafield tag="260" ind1=" " ind2=" ">
    <subfield code="a">&#x646;&#x6CC;&#x6CC; &#x62F;&#x6C1;&#x644;&#x6CC; </subfield>
    <subfield code="b">&#x645;&#x6A9;&#x62A;&#x628;&#x6C1; &#x67E;&#x633;&#x627;&#x645; &#x62A;&#x639;&#x644;&#x6CC;&#x645; </subfield>
    <subfield code="c">1987</subfield>
  </datafield>
  <datafield tag="270" ind1=" " ind2=" ">
    <subfield code="b">&#x646;&#x6CC;&#x6CC; &#x62F;&#x6C1;&#x644;&#x6CC; </subfield>
    <subfield code="a">&#x62C;&#x627;&#x645;&#x6C1; &#x646;&#x6AF;&#x631; </subfield>
    <subfield code="e">110025</subfield>
  </datafield>
  <datafield tag="300" ind1=" " ind2=" ">
    <subfield code="a">136p.</subfield>
    <subfield code="c">21cm(Hb)</subfield>
  </datafield>
  <datafield tag="650" ind1=" " ind2=" ">
    <subfield code="a"> &#x6A9;&#x6CC;&#x645;&#x633;&#x679;&#x631;&#x6CC;</subfield>
    <subfield code="9">132953</subfield>
  </datafield>
  <datafield tag="650" ind1=" " ind2=" ">
    <subfield code="a">&#x632;&#x631;&#x631;&#x6D2; &#x6A9;&#x6CC; &#x6A9;&#x6C1;&#x627;&#x646;&#x6CC; </subfield>
    <subfield code="9">119541</subfield>
  </datafield>
  <datafield tag="650" ind1=" " ind2=" ">
    <subfield code="a">Chemistry </subfield>
    <subfield code="9">70</subfield>
  </datafield>
  <datafield tag="650" ind1=" " ind2=" ">
    <subfield code="a">Story</subfield>
    <subfield code="9">12604</subfield>
  </datafield>
  <datafield tag="942" ind1=" " ind2=" ">
    <subfield code="2">ddc</subfield>
    <subfield code="c">UR</subfield>
    <subfield code="h">541</subfield>
    <subfield code="m">&#x645; &#x6C1; &#x62F; </subfield>
  </datafield>
  <datafield tag="999" ind1=" " ind2=" ">
    <subfield code="c">108919</subfield>
    <subfield code="d">108919</subfield>
  </datafield>
  <datafield tag="952" ind1=" " ind2=" ">
    <subfield code="0">0</subfield>
    <subfield code="1">0</subfield>
    <subfield code="4">0</subfield>
    <subfield code="7">0</subfield>
    <subfield code="a">L</subfield>
    <subfield code="b">L</subfield>
    <subfield code="d">2016-02-11</subfield>
    <subfield code="e">Cen Lib/Ret</subfield>
    <subfield code="g">21.00</subfield>
    <subfield code="l">0</subfield>
    <subfield code="o">541 &#x645; &#x6C1; &#x62F;</subfield>
    <subfield code="p">A-338792</subfield>
    <subfield code="r">2016-02-11 00:00:00</subfield>
    <subfield code="t">1</subfield>
    <subfield code="v">21.00</subfield>
    <subfield code="w">2016-02-11</subfield>
    <subfield code="y">UR</subfield>
  </datafield>
</record>
